000 01081cam a2200241 4500
001 X121439
008 030226n2003 000 0 eng u
035 _a(Sirsi) u121439
245 _aPlanning a revolution
260 _c2003
490 _aCountryside Focus
_v(24) February/March 2003, 4-5(2)
520 _aA look at how the planning system in rural areas will change in 2004 under the Planning and Compulsory Purchase Bill to include better consultation which in turn could be used to produce sustainable rural development. The emphasis is on community planning; parish plans, concept statements, market town action plans and town design statements. Includes separate items on these areas and also case studies.
650 _aPLANNING AND COMPULSORY PURCHASE ACT 2004
650 _aPARISH PLANS
650 _aCONCEPT STATEMENTS
650 _aMARKET TOWN ACTION PLANS
650 _aTOWN DESIGN STATEMENTS
650 _aMARKET TOWNS INITIATIVE
650 _aRURAL DEVELOPMENT
650 _aSUSTAINABLE DEVELOPMENT
690 _aPLANNING-PLANNING LAW
942 _n0
999 _c72162
_d72162